000 00668cab a2200265 4500
001 X4
008 090401t1991 xxu||||| |||| 00| 0 eng d
035 _a(Sirsi) u34644
041 _aeng
100 _aThomas, W.
245 4 _aThe German mortgage banks
260 _c1991
350 _a0
490 _aJournal of Property Finance
_v2(2) Autumn 1991, 194-197(4)
650 _aBANKING
650 _aFINANCIAL INSTITUTIONS
650 _aGERMANY
650 _aHYPOTHEKENBANKEN
650 _aMORTGAGE BANKS
650 _aMORTGAGES
650 _aPROPERTY FINANCE
690 _aPROPERTY-PROPERTY FINANCE AND INVESTMENT
942 _n0
948 _c04/03/1997
999 _c22914
_d22914